<?xml version="1.0" encoding="UTF-8"?>
<marc:record xmlns:marc="http://www.loc.gov/MARC21/slim">
   <marc:leader>00000nam a2200000 a 4500</marc:leader>
   <marc:datafield ind1="1" ind2=" " tag="100">
      <marc:subfield code="a">LEON, Donna</marc:subfield>
      <marc:subfield code="4">aut</marc:subfield>
      <marc:subfield code="e">Verfasser/-in</marc:subfield>
   </marc:datafield>
   <marc:datafield ind1="1" ind2=" " tag="100">
      <marc:subfield code="a">Seibicke, Christa E.</marc:subfield>
   </marc:datafield>
   <marc:datafield ind1=" " ind2=" " tag="653">
      <marc:subfield code="a">Krimi</marc:subfield>
   </marc:datafield>
   <marc:datafield ind1=" " ind2=" " tag="653">
      <marc:subfield code="a">Venedig Krimi</marc:subfield>
   </marc:datafield>
   <marc:datafield ind1="0" ind2="0" tag="245">
      <marc:subfield code="a">Wie durch ein dunkles Glas</marc:subfield>
   </marc:datafield>
   <marc:datafield ind1="0" ind2="0" tag="245">
      <marc:subfield code="b">Commissario Brunettis fünfzehnter Fall ; Roman</marc:subfield>
   </marc:datafield>
   <marc:datafield ind1="0" ind2="0" tag="245">
      <marc:subfield code="c">Donna Leon. Aus dem Amerikan. von Christa E. Seibicke</marc:subfield>
   </marc:datafield>
   <marc:datafield ind1=" " ind2="1" tag="264">
      <marc:subfield code="a">Zürich</marc:subfield>
      <marc:subfield code="b">Diogenes</marc:subfield>
      <marc:subfield code="c">2007</marc:subfield>
   </marc:datafield>
   <marc:datafield ind1="1" ind2=" " tag="520">
      <marc:subfield code="a">Umweltverschmutzung inklusive Mord in der Lagunenstadt. (DR)      Wieder legt Donna Leon ihre Fährten durch Venedig, vor allem zwischen Marghera und Murano, wo sich die berühmten Glasbläsereien befinden. Bevor endlich auf Seite 173 ein Toter gefunden wird, muss Commisario Brunetti einem Familienkonflikt nachgehen: Ein jähzorniger Glasbläserpatriarch soll gegen seinen als Umweltaktivisten tätigen Schwiegersohn Todesdrohungen ausgestoßen haben. Als Ingenieur sind Letzterem die technischen Möglichkeiten der illegalen Abwasserentsorgung bekannt, was ihn in Dauerclinch mit seinem Schwiegervater bringt. Doch der gefundene Tote ist schließlich nicht er, sondern ein Nachtwächter in der Glasbläserei, der seinerseits seit Jahren die Behörden mit Eingaben bedrängte und belästigte. Seiner Meinung nach soll die Erkrankung seiner Tochter durch industrielle Umweltverschmutzung ausgelöst worden sein. Er sei auf einer heißen Spur, erfährt Brunetti vor dessen Ableben noch von ihm. Mithilfe der Dante-Lektüre des Toten findet der Commissario schlussendlich auch die Lösung. Und dazwischen schlägt er sich natürlich wieder mit seinem stupiden und eitlen Vorgesetzten Patta auf Soap-opera-Niveau herum, darf sich der Hilfe seiner patenten Sekretärin sicher sein und es gibt wie immer Szenen der Ehe bzw. Familie Brunetti. Alles wie gehabt, inklusive Venedig-Atmosphäre. Für richtige Krimifans etwas spannungslos, für Venedig- und Donna-Leon-LiebhaberInnen vermutlich ein Muss.   *bn* Fritz Popp</marc:subfield>
   </marc:datafield>
   <marc:datafield ind1=" " ind2=" " tag="020">
      <marc:subfield code="a">9783257065732</marc:subfield>
      <marc:subfield code="9">9783257065732</marc:subfield>
   </marc:datafield>
   <marc:datafield ind1=" " ind2=" " tag="041">
      <marc:subfield code="a">ger</marc:subfield>
   </marc:datafield>
   <marc:datafield ind1="0" ind2=" " tag="490">
      <marc:subfield code="v">15</marc:subfield>
   </marc:datafield>
   <marc:datafield ind1="1" ind2=" " tag="521">
      <marc:subfield code="a">0</marc:subfield>
   </marc:datafield>
   <marc:datafield ind1=" " ind2=" " tag="300">
      <marc:subfield code="a">343 S.</marc:subfield>
   </marc:datafield>
</marc:record>
